| 000 | 00594nam a22002057a 4500 | ||
|---|---|---|---|
| 003 | OSt | ||
| 008 | 260506b |||||||| |||| 00| 0 eng d | ||
| 082 |
_a633.1889 _bS48N |
||
| 100 | _aSinha, S. S. | ||
| 245 |
_aNitrogen Fertilization and Efficacy of Herbicides Under Different Methods of Upland Rice Cultivation in Calcareous Soil / _cby S. S. Sinha |
||
| 260 |
_a.- Pusa, Samastipur _b: RAU _c, 1990 |
||
| 300 | _a177p. | ||
| 502 |
_bPh. D. _d1990 |
||
| 650 | _aAgronomy | ||
| 650 | _aCalcareous Soil | ||
| 650 | _aHerbicides | ||
| 650 | _aThesis | ||
| 650 | _aPh. D. | ||
| 942 |
_2ddc _cT |
||
| 999 |
_c50460 _d50460 |
||